Los "CLADEs" y la misión de la iglesia (Registro nro. 52351)
[ vista simple ]
| 000 -LÍDER | |
|---|---|
| Campo fijo de descripción fija | 01168aaa a2200205 i 4500 |
| 001 - NÚMERO DE CONTROL | |
| Campo de control | 768714001 |
| 003 - IDENTIFICADOR DEL NÚMERO DE CONTROL | |
| Campo de control | CO-MdFUSB |
| 005 - FECHA Y HORA DE LA ULTIMA TRANSACCIÓN | |
| control field | 20240618062717.0 |
| 008 - ELEMENTOS DE LONGITUD FIJA -- INFORMACIÓN GENERAL | |
| Campo fijo de descripción fija -- Información general | 240204t1999 ck ||||| |||| 00| 0 spa d |
| 040 ## - FUENTE DE CATALOGACIÓN | |
| Idioma de catalogación | spa |
| Agencia que realiza la transcripción | CO-MdFUSB |
| 041 ## - CÓDIGO DE IDIOMA | |
| Código de idioma para texto/pista de sonido o título separado | spa |
| 100 1# - ASIENTO PRINCIPAL--NOMBRE PERSONAL | |
| Nombre personal | Escobar, Samuel (1934-) |
| Término relacionador | autor |
| 245 10 - TÍTULO | |
| Título | Los "CLADEs" y la misión de la iglesia |
| Mención de responsabilidad | / Samue Escobar |
| 300 ## - DESCRIPCIÓN FÍSICA | |
| Extensión | Volumen 18, número 1 y 2 (enero - Julio, 1999), páginas: 20-24 |
| Dimensiones | ; 27 cm |
| 520 ## - NOTA DE RESUMEN, ETC. | |
| Nota de sumario, etc. | Una manera de comprender la historia de los evangélicos latinoamericanos en nuestro siglo es seguir el esquema que provee la secuencia de grandes congresos o conferencias que se han convocado desde el evento fundacional de Panamá 1916. Estos encuentros regionales o continentales han sido verdaderos hitos que marcan cada época, y sus documentos nos permiten mediar cuantitativamente el avance evangélico y también seguir el curso de la estrategia misionera y la reflexión teológica. |
| 650 #0 - ASIENTO SECUNDARIO DE MATERIA - TERMINO TEMÁTICO | |
| Término temático o nombre geográfico como elemento de entrada | Misiones |
| 9 (RLIN) | 154 |
| 650 #0 - ASIENTO SECUNDARIO DE MATERIA - TERMINO TEMÁTICO | |
| Término temático o nombre geográfico como elemento de entrada | Evangelización |
| 9 (RLIN) | 362 |
| 773 0# - ASIENTO DE ITEM FUENTE | |
| Título | Iglesia y Misión |
| Biblionumber | 49402 |
| Itemnumber | 59632 |
| Parte(s) relacionada(s) / Volumen., número. (mes año), páginas | Volumen 18, número 1 y 2 (enero - Julio, 1999), páginas: 20-24 |
| Enumeración y primera página | Páginas: 20 |
| 942 ## - TIPO DE MATERIAL (KOHA) | |
| Tipo de Item KOHA | Artículos de Revista |
No hay ítems disponibles.
